000 00655nam a2200229 i 4500
001 C2-0179029
003 PPAK
005 20180728094805.0
008 980930s1988 my |||| ||||| | may d
040 _aPPAK
_beng
_cPPAK
_erda
082 0 4 _a705.9595
_2 23
090 0 0 _a705.9595
_bMAL
_dKIH
110 2 _aMalaysia. Balai Seni Lukis Negara.
245 0 0 _aBalai Seni Lukis Negara 58
264 1 _aKuala Lumpur :
_bBalai Seni Lukis Negara ,
_c[1988]
300 _c26 cm
336 _2rdacontent
_atext
337 _2rdamedia
_aunmediated
338 _2rdacarrier
_avolume
710 2 _aMalaysia. Balai Seni Lukis Negara.
_eorganizer
942 _ddc
_cB
999 _c155559
_d155559